| 000 | 00357 a2200109 4500 | ||
|---|---|---|---|
| 001 | ART_11449 | ||
| 005 | 20260410161857.0 | ||
| 008 | 260409a | ||
| 245 | 1 | 0 | _aFases del crecimiento y el diseño de la política de desarrollo |
| 100 | 1 | _aDiaz Cafferata, Alberto M. | |
| 773 | 0 |
_tRevista de Economía _g- Nº 72 (ene./mar. 1994) _wREV11077 |
|
| 999 |
_c25586 _d25586 |
||